000
00293 a2200145 4500
001
159581
020
_a
040
_c
Magnum
100
_a
Shearman, Deirdre
240
1
0
_a
Rainha vitoria
_l
por
245
1
0
_a
Rainha vitoria
362
0
_a
1899
697
_a
MAGNITO: BIOGRAFIA
942
_c
BK
999
_c
159581
_d
159581